000 00432nam a2200205Ia 4500
003 IT-RoPAU
008 120407s9999 xx 000 0 und d
040 _aIT-RoPAU
040 _cIT-RoPAU
041 _aita
100 _aGabriele Giannantoni
245 _aProfilo di storia della filosofia.
250 _aTorino
260 _aLoescher
260 _c1973
300 _c cm
490 _v23
942 _cBK
999 _c17508
_d17508